| 000 | 00768nam a2200205 i 4500 | ||
|---|---|---|---|
| 001 | 180660 | ||
| 003 | ES-MaACL | ||
| 005 | 20230906221145.0 | ||
| 008 | 120619s1978 es |||| | spa d | ||
| 080 | _a547.281(043.2) | ||
| 100 | 1 |
_aSánchez Ferrando, Francisco. _9150678 |
|
| 245 | 1 | 0 |
_aSíntesis de compuestos carbocíclicos a partir de acetaldehido / _cFrancisco Sánchez Ferrando. |
| 260 |
_aBarcelona : _bUniversidad, Secretariado de Publicaciones, Intercambio Científico y Extensión Universitaria, _c1978. |
||
| 300 |
_a19 p. : _bil. ; _c22 cm. |
||
| 502 | _aTesis Univ. Barcelona (Extracto) | ||
| 504 | _aBibliografía : p. 15-16. | ||
| 650 | 4 |
_aAcetaldehido. _9150679 |
|
| 710 | 2 |
_aUniversidad de Barcelona. _97141 |
|
| 852 |
_aES-MaACL _jE-15362(197) |
||
| 999 |
_c180660 _d180660 |
||